000
00375nam a2200169Ia 4500
008
160105s9999 xx 000 0 und d
020
_a
92-5-204846-4
041
_a
fre
245
_a
Initiation littéraire
260
_a
Paris
260
_b
J.-B. Baillière
260
_c
1968
654
_x
LITTERATURE/COURS
942
_c
09
994
_a
108500
999
_c
8419
_d
36417